The Twelfth Doctor's Regeneration (Doctor Who) - Statistics

General Stats
  • This quiz has been taken 42 times
  • The average score is 93 of 153
Answer Stats
Answer % Correct
a
95%
And
95%
and
95%
Doctor.
95%
Doctor,
95%
I
95%
You
90%
you.
90%
you
90%
be
86%
Be
86%
kind.
86%
Never
86%
never
86%
always
81%
Always
81%
but
81%
But
81%
ever
81%
ever.
81%
go.
81%
let
81%
The
81%
the
81%
to
81%
are
76%
eat
76%
fail
76%
love
76%
pears!
76%
try
76%
cowardly.
71%
cruel.
67%
hate
67%
hear
67%
is.
67%
is
67%
it
67%
it,
67%
me.
67%
No
67%
your
67%
nice,
62%
one
62%
wise.
62%
anyone.
57%
anyone
57%
can
57%
children.
57%
Children
57%
foolish,
57%
if
57%
name.
57%
except
52%
Except,
52%
get
52%
hard.
52%
Remember
52%
right.
52%
right
52%
tell
52%
Well
52%
Well,
52%
fast.
48%
few
48%
in
48%
kill
48%
know
48%
Laugh
48%
more
48%
Run
48%
say
48%
suppose
48%
would
48%
wrong
48%
all
43%
got
43%
It's
43%
Let's
43%
lifetime
43%
things
43%
moment,
38%
sometimes,
38%
stars
38%
understand
38%
universe.
38%
wait
38%
wouldn't
38%
anyway.
33%
else.
33%
else
33%
hearts
33%
I've
33%
mustn't
33%
needs
33%
nobody
33%
Nobody
33%
Oh
33%
place,
33%
save
33%
saving.
33%
their
33%
they'll
33%
too.
33%
Yes,
33%
yes,
33%
first.
29%
old
29%
Silly
29%
without
29%
there
24%
treadmill.
24%
Basic
19%
stuff
19%
No matching quizzes found
Score Distribution
Percent of People with Each Score
Percentile by Number Answered
Your Score History
You have not taken this quiz